Διοίκηση Μικρομεσαίας Επιχειρήσης / Στην 3η Βιομηχανική Επανάσταση (Record no. 4570)
[ view plain ]
| 000 -LEADER | |
|---|---|
| fixed length control field | 01866cam a22002054a 4500 |
| 005 - ΗΜΕΡΟΜΗΝΙΑ ΚΑΙ ΩΡΑ ΤΕΛΕΥΤΑΙΑΣ ΕΝΗΜΕΡΩΣΗΣ | |
| Πεδίο ελέγχου | 20250605164149.0 |
| 008 - FIXED-LENGTH DATA ELEMENTS--GENERAL INFORMATION | |
| Πεδίο ελέγχου σταθερού μήκους | 250528s ||||||||||||||||||||||||d |
| 035 ## - SYSTEM CONTROL NUMBER | |
| System control number | 19310 |
| 020 ## - ISBN | |
| ISBN | 960734488 |
| 040 ## - ΠΗΓΗ ΚΑΤΑΛΟΓΟΓΡΑΦΗΣΗΣ | |
| Φορέας πρωτότυπης καταλογογράφησης | MC Athens Campus Library |
| Γλώσσα καταλογογράφησης | Ελληνικά, Μοντέρνα (1453-) |
| Modifying agency | MC Athens Campus Library |
| Κανόνες περιγραφικής καταλογογράφησης | AACR2 |
| 245 1# - ΤΙΤΛΟΣ ΚΑΙ ΔΗΛΩΣΗ ΥΠΕΥΘΥΝΟΤΗΤΑΣ | |
| Τίτλος | Διοίκηση Μικρομεσαίας Επιχειρήσης / Στην 3η Βιομηχανική Επανάσταση |
| 260 ## - PUBLICATION, DISTRIBUTION, ETC. | |
| Name of publisher, distributor, etc. | Σύγχρονη Εκδοτική, |
| Date of publication, distribution, etc. | 2000 |
| 300 ## - PHYSICAL DESCRIPTION | |
| Extent | 384 |
| 520 ## - SUMMARY, ETC. | |
| Summary, etc. | Το βιβλίο αποτελεί ένα πολύτιμο εργαλείο για τη ''Διοίκηση ΜΜΕ'' και προσφέρει διέξοδο από το σύγχρονο ''δαίδαλο'' της πλανητικής οικονομίας. Πρόλογος, Επιχείρηση, Τα Χαρακτηριστικά του Επιχειρηματία, Κύκλος Ζωής και Δομή της ΜΜΕ, Περιβάλλον και ΜΜΕ, Επιχειρηματικός Σχεδιασμός στη ΜΜΕ, Χρηματοοικονομικά Θέματα, Ηγεσία, Στρατηγική Επιχειρησιακών Αποφάσεων, Προγραμματισμός της ΜΜΕ στο Περιβάλλον της 3ης Βιομηχανικής Επανάστασης, Εναλλακτικές Λύσεις Στρατηγικών Αποφάσεων, Η Χρήση του Ηλεκτρονικού Εμπορίου από τη Μικρομεσαία Επιχείρηση, Η Διοίκηση Ολικής Ποιότητας στη ΜΜΕ, Συγκριτική Διοίκηση (Benchmarking), Θέματα Πωλήσεων, Κατάλογος Διαγραμμάτων, Βιβλιογραφία. |
| 700 1# - ΠΡΟΣΘΕΤΗ ΑΝΑΓΡΑΦΗ--ΦΥΣΙΚΟ ΠΡΟΣΩΠΟ | |
| Personal name | Κυριαζόπουλος Π. Γ |
| 9 (RLIN) | 2543 |
| 700 1# - ΠΡΟΣΘΕΤΗ ΑΝΑΓΡΑΦΗ--ΦΥΣΙΚΟ ΠΡΟΣΩΠΟ | |
| Personal name | Τερζίδης Κωνσταντίνος Π |
| 9 (RLIN) | 5546 |
| 942 ## - ADDED ENTRY ELEMENTS (KOHA) | |
| Koha item type | Books |
| Τύπος τεκμηρίου | Βιβλιοθήκη | Τρέχουσα τοποθεσία | Barcode | Αριθμός εισαγωγής | Ημερομηνία απόκτησης | Ταξιθετικό σύμβολο | Αριθμός αντιτύπου | Κατάσταση απόσυρσης | Κατάσταση χαμένου | Κατάσταση κατεστραμμένου | Μη δανεισμός | Σύνολο δανεισμών | Ημερομηνία τελευταίας εμφάνισης | Η τιμή ισχύει από |
|---|---|---|---|---|---|---|---|---|---|---|---|---|---|---|
| Books | MC Athens Campus Library | MC Athens Campus Library | 9780000045690 | 5325 | 05/06/2025 | 658.022 KIR | 1 | 05/06/2025 | 05/06/2025 |